| 000 | 01695nam a22003137a 4500 | ||
|---|---|---|---|
| 999 |
_c120311 _d120311 |
||
| 003 | dpl | ||
| 005 | 20190205114211.0 | ||
| 008 | 190205b ||||| |||| 00| 0 eng d | ||
| 010 | _aB-117148 | ||
| 020 |
_c400.00 _a8171198872 |
||
| 035 | _aB-117148, B-117156 | ||
| 037 | _bCen Lib/Ret | ||
| 040 |
_aDPL _bHN _c0 |
||
| 082 |
_a820.8 _bश्रीवास्त |
||
| 100 |
_aश्रीवास्तव, रवीन्द्रनाथ _942919 |
||
| 245 |
_aसाहित्य का भाषिक चिन्तन / _cरवीन्द्रनाथ श्रीवास्तव ; सम्पादक बीना श्रीवास्तव, नामवर सिंह [और] दिलीप सिंह |
||
| 246 |
_aSahitye ka bhashik chintan / _bby Ravindranath Shrivastava ; sampadak Bina Shrivastava;Namvar Singh [aur] Dilip Singh |
||
| 260 |
_aदिल्ली _bराधाकृष्ण प्रकाशन _c2004 |
||
| 270 |
_aजी-17, जगतपुरी _bदिल्ली _e110051 |
||
| 300 |
_axxii,326पृ. _c21सेमी(सजिल्द) |
||
| 650 |
_aमार्क्सवादी साहित्य-समीक्षा _989639 |
||
| 650 |
_aतुलसी -- साहित्य के अंतर्विरोधी स्वर _989640 |
||
| 650 |
_aMarxist literature-review _989641 |
||
| 650 |
_aTulsi - conflicting tone of literature _989642 |
||
| 700 |
_aश्रीवास्तव, बीना _944829 |
||
| 700 |
_aनामवर सिंह _989643 |
||
| 700 |
_aदिलीप सिंह _989644 |
||
| 942 |
_2ddc _cHN _h820.8 _mश्रीवास्त |
||